000 00280nam a2200109Ia 4500
008 190913s9999||||xx |||||||||||||| ||und||
100 _aAlfred V.Aho
245 0 _aCompilers Principles techniques and tools
260 _aNew Delhi
_bMcGraw Hill
_c2000
300 _a539
942 _cBK
999 _c8348
_d8348